000 00318nam a2200121Ia 4500
008 220216s9999 xx 000 0 und d
245 0 _aPrizes for developed prototype of tapping knife
260 _bThe Rubber International Magazine
_c2013
300 _a11
650 _aPrize
650 _aTapping knife
942 _cJS
999 _c65708
_d65708